| 000 | 00504nam a2200169 i 4500 | ||
|---|---|---|---|
| 001 | 57767 | ||
| 003 | ES-MaACL | ||
| 005 | 20230906163638.0 | ||
| 007 | t| | ||
| 008 | 031017s1925 sp ||||1| spa d | ||
| 100 | 1 |
_aDubbel, H. _945745 |
|
| 245 | 1 | 0 |
_aManual del constructor de máquinas / _cH. Dubbel ; traducción de José Serrat y Bonastre. |
| 260 |
_aBarcelona : _bLabor, _c1925. |
||
| 300 |
_a2 v. : _bil. ; _c19 cm. |
||
| 700 | 1 |
_aSerrat y Bonastre, José. _9105817 |
|
| 852 |
_aES-MaACL _jF-3915-96 |
||
| 999 |
_c57767 _d57767 |
||